000 01093nam a22002297a 4500
003 DO-SdBNP
005 20221114093707.0
007 ta
008 110301s2019 dr ado 000 0 spa d
020 _a9789945914177
040 _aDO-SdBNP
_bspa
_cBNPHU
082 4 _axxxx
_bxxx
110 1 _aO.Rojas & Consultores
_982810
245 1 0 _aGuía comunitaria para conocer cómo se compra y se contrata en tu municipio :
_belementos para un control eficiente /
260 _aSanto Domingo :
_bParticipación Ciudadana,
_bBúho,
_c2019.
300 _a55 p. :
_bil., graf., fot.
_c29 cm.
500 _aMonitoreo de las compras, contrataciones y servicios públicos transparentes, en el marco de la Ley No. 340-06.
505 2 _tPresentación --
_tDefiniciones y conceptos básicos que debes conocer sobre las compras y las contrataciones en tu municipio --
_tHerramientas digitales para el monitoreo --
_tMecanismos para la participación ciudadana en la gestión municipal --
_tCaja de herramientas para el monitoreo /
590 _aInventariado, 2022/ YL
910 _aYLockward
942 _2ddc
_cLBS1
999 _c52900
_d52900